000 00543nam a2200193 4500
001 110432
003 ES-MaACL
007 t|
008 061121s1984 sp r ||||1| spa d
100 0 _aMolina Foix, Vicente,
_d1946-
_9235020
245 1 4 _aLos padres viudos /
_cVicente Molina Foix.
250 _a2ª ed.
260 _aMadrid :
_bCátedra,
_c1984.
300 _a247 p. ;
_c21 cm.
490 1 _aNovela Cátedra
830 0 _aNovela Cátedra
_9180906
852 _aES-MaACL
_jL-6798
_bR.106951
999 _c110432
_d110432